000 00708nam a22001937a 4500
999 _c181749
_d181749
005 20221017162211.0
010 _aB-746001
020 _a9788126930081
_c595.00
035 _aB-746001
037 _bAtlantic Publishers & Distributors
082 _a891.109
100 _aBhelkar, Ratnakar D.
245 _aIndian literature:
_btranslated texts, indianness and beyond /
_cby Ratnakar D. Bhelkar
260 _aNew Delhi
_bAtlantic Publishers & Distributors
_c2019
270 _a7/22 ,Ansari Road, Daryaganj,
_bNew Delhi
_e110002
300 _avi, 164p.
_c22cm(Hb)
942 _2ddc
_cEN
_mBHE
_h891.109